[Event "GER-chT U10"]
[Site "Magdeburg"]
[Date "2012.12.27"]
[Round "1.4"]
[White "Koehler, Dirk"]
[Black "Wackernagel, Sara"]
[Result "1-0"]
[WhiteElo "880"]
[BlackElo "681"]
[PlyCount "81"]
[EventDate "2012.12.27"]
[EventType "team-swiss"]
[EventRounds "7"]
[EventCountry "GER"]
[SourceTitle "EXT 2014"]
[Source "ChessBase"]
[SourceDate "2013.11.20"]
[SourceVersion "1"]
[SourceVersionDate "2013.11.20"]
[SourceQuality "1"]
[WhiteTeam "Saalfeld"]
[BlackTeam "Saalfeld"]
[WhiteTeamCountry "GER"]
[BlackTeamCountry "GER"]

1. e4 e5 2. Nf3 Nc6 3. Bb5 a6 4. Bxc6 dxc6 5. 0-0 Nf6 6. Nc3 Bg4 7. d3 Bb4 8. Bg5 0-0 9. h3 Bh5 10. Bd2 Bc5 11. Ne2 Ne8 12. Bg5 f6 13. Be3 Bxe3 14. fxe3 Qe7 15. d4 Rd8 16. Qe1 exd4 17. exd4 f5 18. e5 Qe6 19. Ng5 Qg6 20. Qg3 Bxe2 21. Rf2 Rxd4 22. Qe3 Rd1+ 23. Rxd1 Bxd1 24. Qb3+ Kh8 25. e6 Qxg5 26. Rf1 Bh5 27. Re1 b5 28. e7 Rf6 29. Re6 Rxe6 30. Qxe6 Bf3 31. g4 Qf4 32. Qe1 Qd4+ 33. Qf2 Qd1+ 34. Qf1 Qd4+ 35. Qf2 Be4 36. Qxd4 Bxc2 37. Qd8 h6 38. Qxe8+ Kh7 39. Qf7 c5 40. e8Q b4 41. Qeg8# 1-0